Welcome to CU Library Online Public Access Catalogue (OPAC)

PSYCHOLOGY (Record no. 3044)

MARC details
000 -LEADER
fixed length control field 00414nam a22001697a 4500
005 - DATE AND TIME OF LATEST TRANSACTION
control field 20250124190102.0
008 - FIXED-LENGTH DATA ELEMENTS--GENERAL INFORMATION
fixed length control field 250124b |||||||| |||| 00| 0 eng d
020 ## - INTERNATIONAL STANDARD BOOK NUMBER
International Standard Book Number 0879014003
050 ## - LIBRARY OF CONGRESS CALL NUMBER
Classification number BF121MYE
100 ## - MAIN ENTRY--PERSONAL NAME
Personal name MYERS, DAVID G.
245 ## - TITLE STATEMENT
Title PSYCHOLOGY
250 ## - EDITION STATEMENT
Edition statement 2ND EDITION
260 ## - PUBLICATION, DISTRIBUTION, ETC.
Place of publication, distribution, etc. NEW YORK
Name of publisher, distributor, etc. WORTH PUB.
Date of publication, distribution, etc. 1986
300 ## - PHYSICAL DESCRIPTION
Extent 623P.,XXVI
500 ## - GENERAL NOTE
General note ILLUS.,GLOSSARY,REF.,INDEX
942 ## - ADDED ENTRY ELEMENTS (KOHA)
Source of classification or shelving scheme Library of Congress Classification
Koha item type Books
Suppress in OPAC No
999 ## -
-- 3044
-- 3044
Holdings
Withdrawn status Lost status Source of classification or shelving scheme Damaged status Not for loan Collection Home library Current library Shelving location Date acquired Total checkouts Full call number Barcode Date last seen Copy number Price effective from Koha item type
    Library of Congress Classification     Non-fiction Graduate Library (Christ Temple) Graduate Library (Christ Temple) General stacks 01/24/2025   BF121MYE gsct00000345 01/24/2025 1 01/24/2025 Books
© 2023-2024 Copyright: Central University Libraries. All Rights Reserved | Created by: Mahone Tech Office